Komunikácia v maloobchode (v podmienkach COOP Jednota Bratislava) bakalárska práca

Gespeichert in:
Bibliographische Detailangaben
1. Verfasser: Holicová, Veronika
Körperschaft: Obchodná fakulta EU. Katedra marketingu
Weitere Verfasser: Labská, Helena
Format: Buch
Sprache:Slowakisch
Veröffentlicht: Bratislava 2009
Tags: Tag hinzufügen
Keine Tags, Fügen Sie das erste Tag hinzu!

MARC

LEADER 00000nam$a2200000$$$4500
001 0099813
005 20240318135352.4
041 0 |a slo 
044 |a SK 
245 1 0 |a Komunikácia v maloobchode (v podmienkach COOP Jednota Bratislava)  |b bakalárska práca  |c Veronika Holicová ; škol. Helena Labská 
264 1 |a Bratislava  |c 2009 
300 |a 57 s. 
100 1 |a Holicová, Veronika 
700 1 |a Labská, Helena 
710 2 |a Obchodná fakulta EU. Katedra marketingu